LIBRARY ONLINE CATALOGUE

Skills development workbook. (Record no. 14709)

MARC details
000 -LEADER
fixed length control field 00614nam a22002052 4500
001 - CONTROL NUMBER
control field 0000025028
005 - DATE AND TIME OF LATEST TRANSACTION
control field 20151217160130.0
008 - FIXED-LENGTH DATA ELEMENTS--GENERAL INFORMATION
fixed length control field 141025s xx 000 0 eng d
020 ## - INTERNATIONAL STANDARD BOOK NUMBER
International Standard Book Number 0131652958 :
040 ## - CATALOGING SOURCE
Original cataloging agency KABU
Transcribing agency KABU
245 10 - TITLE STATEMENT
Title Skills development workbook.
260 ## - PUBLICATION, DISTRIBUTION, ETC. (IMPRINT)
Place of publication, distribution, etc. Upper Saddle River :
Name of publisher, distributor, etc. Pearson education.
300 ## - PHYSICAL DESCRIPTION
Extent xvii, 342 p.
650 #0 - SUBJECT ADDED ENTRY--TOPICAL TERM
Topical term or geographic name as entry element Skills development.
-- 0000185408
908 ## - PUT COMMAND PARAMETER (RLIN)
Put command parameter 141025
950 ## - LOCAL HOLDINGS (RLIN)
-- 1
Holdings
Withdrawn status Lost status Source of classification or shelving scheme Not for loan Home library Current library Date acquired Total Checkouts Full call number Barcode Date last seen Price effective from Koha item type
    Library of Congress Classification   Kabarak, Main Campus Kabarak, Main Campus 17/12/2015   PS41 .S55 c. 1 017257 17/12/2015 17/12/2015 Children Collection
    Library of Congress Classification   Kabarak, Main Campus Kabarak, Main Campus 17/12/2015   PS41 .S55 c. 2 017256 17/12/2015 17/12/2015 Children Collection
    Library of Congress Classification   Kabarak, Main Campus Kabarak, Main Campus 17/12/2015   PS41 .S55 c. 3 017255 17/12/2015 17/12/2015 Children Collection